الجامع لأحكام الحجامة / (رقم التسجيلة. 108342)

تفاصيل مارك
000 -LEADER
fixed length control field 00640nam a22002177a 4500
005 - DATE AND TIME OF LATEST TRANSACTION
control field 20251108173624.0
008 - FIXED-LENGTH DATA ELEMENTS--GENERAL INFORMATION
fixed length control field 250721s2007 xx 000 0 ara d
020 ## - INTERNATIONAL STANDARD BOOK NUMBER
International Standard Book Number 9773721949
082 14 - DEWEY DECIMAL CLASSIFICATION NUMBER
Classification number 210.4261589/فتو
100 1# - MAIN ENTRY--PERSONAL NAME
Personal name أبو الفتوح، رؤى عبد العزيز
245 10 - TITLE STATEMENT
Title الجامع لأحكام الحجامة /
264 1# - PRODUCTION, PUBLICATION, DISTRIBUTION, MANUFACTURE, AND COPYRIGHT NOTICE
Place of production, publication, distribution, manufacture القاهرة :
Name of producer, publisher, distributor, manufacturer دار الغد الجديد،
Date of production, publication, distribution, manufacture, or copyright notice 2007.
300 ## - PHYSICAL DESCRIPTION
Extent 165ص.
650 17 - SUBJECT ADDED ENTRY--TOPICAL TERM
Topical term or geographic name as entry element الطب الشعبي
650 17 - SUBJECT ADDED ENTRY--TOPICAL TERM
Topical term or geographic name as entry element الإسلام
653 ## - INDEX TERM--UNCONTROLLED
Uncontrolled term الطب النبوي
653 ## - INDEX TERM--UNCONTROLLED
Uncontrolled term الحجامة
700 1# - ADDED ENTRY--PERSONAL NAME
Personal name جاد، أحمد
942 ## - ADDED ENTRY ELEMENTS (KOHA)
Source of classification or shelving scheme Dewey Decimal Classification
Koha item type كتب
المقتنيات
حالة السحب حالة الفقدان مصدر التصنيف حالة التلف غير قابل للإعارة المكتبة الرئيسية المكتبة الحالية موقع الرف تاريخ التزويد الرقم المتسلسل Total Checkouts رقم الإستدعاء الباركود تاريخ آخر ظهور تاريخ الفاتورة نوع المادة (كوها)
    Dewey Decimal Classification   Not For Loan المكتبة المركزية المكتبة المركزية مقتنيات قسم التزويد 28/07/2025 1125462   210.4261589/فتو 1125462 28/07/2025 28/07/2025 كتب
    Dewey Decimal Classification   Not For Loan المكتبة المركزية المكتبة المركزية مقتنيات قسم التزويد 28/07/2025 1125463   210.4261589/فتو 1125463 28/07/2025 28/07/2025 كتب
    Dewey Decimal Classification   Not For Loan المكتبة المركزية المكتبة المركزية مقتنيات قسم التزويد 28/07/2025 1125464   210.4261589/فتو 1125464 28/07/2025 28/07/2025 كتب
    Dewey Decimal Classification     مكتبة أبو علندا العامة مكتبة أبو علندا العامة   28/07/2025 1125469   210.4261589/فتو 1125469 28/07/2025 28/07/2025 كتب
    Dewey Decimal Classification     مكتبة الأميرة ايمان العامة مكتبة الأميرة ايمان العامة   28/07/2025 1125465   210.4261589/فتو 1125465 28/07/2025 28/07/2025 كتب
    Dewey Decimal Classification     مكتبة الحسن العامة مكتبة الحسن العامة   28/07/2025 1125467   210.4261589/فتو 1125467 28/07/2025 28/07/2025 كتب
    Dewey Decimal Classification     مكتبة حمزة العامة مكتبة حمزة العامة   28/07/2025 1125468   210.4261589/فتو 1125468 28/07/2025 28/07/2025 كتب
    Dewey Decimal Classification     مكتبة صويلح العامة مكتبة صويلح العامة   28/07/2025 1125466   210.4261589/فتو 1125466 28/07/2025 28/07/2025 كتب
Implemented & Customized by: BBB with SCIT (Smart Chains for Information Technology)

Powered by Koha